| 000 | 00709nam a22002057a 4500 | ||
|---|---|---|---|
| 999 |
_c10940 _d10940 |
||
| 003 | AR-CdUCM | ||
| 008 | 190305b ||||| |||| 00| 0 spa d | ||
| 040 |
_aMUNICIPALIDAD PROVINCIAL DEL CUSCO _cBIBLIOTECA MUNICIPAL DEL CUSCO |
||
| 082 |
_a869.56 / _bD75 E /1938 |
||
| 100 |
_a Diez Canseco Pereira, José _9554 |
||
| 245 | _aEstampas Mulatas / | ||
| 260 |
_aSantiago de Chile : _bZig-zag, _c1938.. |
||
| 300 |
_a183 páginas ; _c20 cm. |
||
| 505 | _aContenido : El gaviota -- El kilómetro 83 -- Jijuna --Don Salustiano Merino, notario -- El velorio... | ||
| 650 |
_aSiglo XX _98 |
||
| 650 |
_aTradiciones-Perú _99876 |
||
| 650 |
_acuentos de costumbres _9557 |
||
| 942 |
_2ddc _cLIBROS |
||
| 945 | _awnts | ||